The Chester A. Arthur Presidency - Statistics

General Stats
  • This quiz has been taken 354 times
  • The average score is 8 of 12
Answer Stats
Hint Answer % Correct
His political party (as President) Republican
92%
President whom he served under as VP James A. Garfield
91%
D.C. landmark that was dedicated by Arthur {Washington} Monument
84%
In an attempt to protect jobs, a ten-year ban starts on workers from this country coming to the U.S. China
81%
His home state New York
77%
His Secretary of War, who was the son of another President Robert Todd Lincoln
73%
Cause of death, which happened shortly after he left office {Kidney} Failure
65%
Bruce Willis movie that mentions him Die Hard with a Vengeance
64%
His middle name Alan
60%
State where he was born Vermont
51%
His ranking in a magazine poll based on memorability of the Presidents Last
48%
His wife's name, who died before he was President (starts with E) Ellen
46%
No matching quizzes found
Score Distribution
Percent of People with Each Score
Percentile by Number Answered
Your Score History
You have not taken this quiz